| 000 | 01330cam a2200349 i 4500 | ||
|---|---|---|---|
| 001 | 768714001 | ||
| 003 | CO-MdFUSB | ||
| 005 | 20220405113405.0 | ||
| 007 | ta | ||
| 008 | 120416t2012 miu b 001 0 eng | ||
| 020 | _a0801048559 | ||
| 040 |
_aDLC _beng _cCO-MdFUSB _dBTCTA _dBDX _dYDXCP _dKAT _dUtOrBLW _erda |
||
| 041 | _aeng | ||
| 082 |
_223 _a223.206 _bB444 |
||
| 090 | _aBS1430.52 | ||
| 100 | 1 |
_aBellinger, W. H. _cJr., _d1949- _eautor |
|
| 245 | 1 | 0 |
_aPsalms : _ba guide to studying the Psalter / _cW.H. Bellinger, Jr. |
| 250 | _asegunda edición | ||
| 264 | 1 |
_aGrand Rapids, MI : _bBaker Academic, _c[2012] |
|
| 264 | 4 | _c© 2012 | |
| 300 |
_a173 páginas ; _c22 cm. |
||
| 336 |
_2rdacontent _atexto _btxt |
||
| 337 |
_2rdamedia _asin mediación _bn |
||
| 338 |
_2rdacarrier _avolumen _bnc |
||
| 504 | _aIncluye referencias bibliográficas (p.153-154) e índices. | ||
| 505 | _aPrimeros pasos -- Lecciones del pasado -- Lectura de los Salmos -- Lamentos: desde lo profundo -- Salmos de alabanza: entronizado sobre las alabanzas de Israel -- Salmos Reales: un pacto con mi elegido, mi siervo David -- Salmos de Sabiduría: Te instruiré -- Los Salmos y la fe. | ||
| 563 | _aRústico | ||
| 630 | 7 |
_aBiblia. _pSalmos _xCrítica, interpretación, etc. |
|
| 942 | _cBK | ||
| 945 | _aJTF-925 | ||
| 999 |
_c67391 _d67391 |
||